Introducción a la economía empresarial / (Registro nro. 7227)
[ vista simple ]
| 000 -LEADER | |
|---|---|
| fixed length control field | 01454nam a22003137a 4500 |
| 003 - CONTROL NUMBER IDENTIFIER | |
| control field | OSt |
| 005 - DATE AND TIME OF LATEST TRANSACTION | |
| control field | 20210218100605.0 |
| 008 - FIXED-LENGTH DATA ELEMENTS--GENERAL INFORMATION | |
| fixed length control field | 210218s1986 ck ad||fr|||| 00| 0 spa d |
| 020 ## - INTERNATIONAL STANDARD BOOK NUMBER | |
| International Standard Book Number | 9586021483 |
| Qualifying information | Obra completa |
| 020 ## - INTERNATIONAL STANDARD BOOK NUMBER | |
| International Standard Book Number | 9586021351 |
| 040 ## - CATALOGING SOURCE | |
| Original cataloging agency | CO-JMCR |
| Transcribing agency | CO-JMCR |
| 041 1# - LANGUAGE CODE | |
| Language code of text/sound track or separate title | spa |
| Language code of original | eng |
| 082 04 - DEWEY DECIMAL CLASSIFICATION NUMBER | |
| Classification number | 338 / |
| Item number | S263i |
| Edition number | 23 |
| 100 1# - MAIN ENTRY--PERSONAL NAME | |
| Personal name | Savage, Christopher I., |
| Relator term | autor |
| 9 (RLIN) | 13603 |
| 245 10 - TITLE STATEMENT | |
| Title | Introducción a la economía empresarial / |
| Statement of responsibility, etc. | Christopher I. Savage y John R. Small ; traducción de Minguella Rubio |
| 260 ## - PUBLICATION, DISTRIBUTION, ETC. | |
| Place of publication, distribution, etc. | Bogotá : |
| Name of publisher, distributor, etc. | Círculo de Lectores, |
| Date of publication, distribution, etc. | 1986 |
| 300 ## - PHYSICAL DESCRIPTION | |
| Extent | 253 páginas : |
| Other physical details | ilustraciones y gráficos a blanco y negro ; |
| Dimensions | 22 cm. |
| 490 0# - SERIES STATEMENT | |
| Series statement | Biblioteca de la administración |
| 500 ## - GENERAL NOTE | |
| General note | Incluye notas a pie de página.<br/>Título original. : An introduction to management economics |
| 505 0# - FORMATTED CONTENTS NOTE | |
| Formatted contents note | La base económica de la empresa -- La empresa y sus objetivos -- El beneficio -- Política de inversiones -- La competencia -- El coste -- El control de los costes -- Análisis y previsión de la demanda -- Política de precio -- Política de producto, promoción de ventas y estrategia comercial |
| 546 ## - LANGUAGE NOTE | |
| Language note | Traducido del inglés. |
| 650 14 - SUBJECT ADDED ENTRY--TOPICAL TERM | |
| Topical term or geographic name entry element | Economía empresarial |
| 9 (RLIN) | 13604 |
| 650 14 - SUBJECT ADDED ENTRY--TOPICAL TERM | |
| Topical term or geographic name entry element | Control de costos |
| 9 (RLIN) | 13605 |
| 650 14 - SUBJECT ADDED ENTRY--TOPICAL TERM | |
| Topical term or geographic name entry element | Costos de producción |
| 9 (RLIN) | 5205 |
| 650 24 - SUBJECT ADDED ENTRY--TOPICAL TERM | |
| Topical term or geographic name entry element | Economía industrial. |
| 9 (RLIN) | 12523 |
| 700 1# - ADDED ENTRY--PERSONAL NAME | |
| Personal name | Small, John R., |
| Relator term | autor |
| 9 (RLIN) | 13606 |
| 700 1# - ADDED ENTRY--PERSONAL NAME | |
| Personal name | Rubio, Minguella, |
| Relator term | traductora |
| 9 (RLIN) | 13607 |
| 942 ## - ADDED ENTRY ELEMENTS (KOHA) | |
| Source of classification or shelving scheme | Dewey Decimal Classification |
| Koha item type | Books |
| Withdrawn status | Lost status | Source of classification or shelving scheme | Damaged status | Not for loan | Collection code | Home library | Current library | Date acquired | Source of acquisition | Total Checkouts | Full call number | Barcode | Date last seen | Copy number | Price effective from | Koha item type | Public note |
|---|---|---|---|---|---|---|---|---|---|---|---|---|---|---|---|---|---|
| Dewey Decimal Classification | Non-fiction | Biblioteca Pública José María del Castillo y Rada | Biblioteca Pública José María del Castillo y Rada | 10/02/2020 | Donación | 338 / S263i | 201810337 | 05/16/2024 | Ej.1 | 02/18/2021 | Books | Exilibris: Fecha "Bogotá Nov 8/89 en portadilla y firma con esfero en portada. |